| 000 | 00591nam a22001817a 4500 | ||
|---|---|---|---|
| 999 |
_c18837 _d18837 |
||
| 008 | 240201b ||||| |||| 00| 0 eng d | ||
| 020 | _a9781009233408 | ||
| 082 |
_22023 _aDC 410 _bY91 |
||
| 100 |
_aYule, George. _951024 |
||
| 245 |
_aThe study of language / _cGeorge Yule. |
||
| 250 | _aEighth edition. | ||
| 260 |
_aNew York : _bCambridge University Press, _c©2023. |
||
| 300 |
_axiii, 390 pages : _bcolor illustrations ; _c25 cm. |
||
| 500 | _aIncludes glossary, references, and index. | ||
| 650 |
_aLanguage and languages. _951570 |
||
| 650 |
_aLinguistics. _951571 |
||
| 942 |
_2ddc _cDC |
||